00469nmm a2200157Ia 4500008004100000020001800041041000800059100001900067245006000086264005700146300001800203650001500221856005100236942000700287999001700294251105s9999||||xx |||||||||||||||||und|| a9788489333390 aspa aBerman, Morris 0aCuerpo y espíritu :b La historia oculta de occidente a[Santiago de Chile, Chile] :bCuatro Vientos, c2013 a420 páginas aPsychology uhttps://public.digitaliapublishing.com/a/21340 cCF c87065d87065